000 00709nam a2200241Ia 4500
003 OSt
005 20220925223821.0
006 a|||||r|||| 00| 0
007 ta
008 220923b |||||||| |||| 00| 0 eng d
020 _a0415056209
037 _cGeneral Book
040 _aRTL
_cRTL
_beng
041 _2eng
_aeng
082 _aY15:7:7.1(X), N3
100 _aMoser Caroline O N
_9289542
245 0 _aGender planning and development
_b Theory, practice and training
260 _aLondon
_bRoutledge
_c1993
300 _axii, 285p.
_ccm.
500 _aBibliography: P 261-75
942 _hY15:7:7.1(X), N3
_cGB
_2CC
999 _c580458
_d580458